Globalization and after / (Record no. 17021)

MARC details
000 -LEADER
fixed length control field 00836nam a22002417a 4500
008 - FIXED-LENGTH DATA ELEMENTS--GENERAL INFORMATION
fixed length control field 081020t xxu||||| |||| 00| 0 eng d
010 ## - LIBRARY OF CONGRESS CONTROL NUMBER
LC control number ENG-84054
020 ## - INTERNATIONAL STANDARD BOOK NUMBER
International Standard Book Number 8178296616
020 ## - INTERNATIONAL STANDARD BOOK NUMBER
Terms of availability 550.00 (pbk)
035 ## - SYSTEM CONTROL NUMBER
System control number EN-67587
082 ## - DEWEY DECIMAL CLASSIFICATION NUMBER
Classification number 303.482
245 ## - TITLE STATEMENT
Title Globalization and after /
Statement of responsibility, etc edited by Samir Dasgupta and Ray Kiely
260 ## - PUBLICATION, DISTRIBUTION, ETC. (IMPRINT)
Place of publication, distribution, etc New Delhi
Name of publisher, distributor, etc Sage Publications
260 ## - PUBLICATION, DISTRIBUTION, ETC. (IMPRINT)
Date of publication, distribution, etc 2006
300 ## - PHYSICAL DESCRIPTION
Extent 443p
Dimensions 22cm
500 ## - GENERAL NOTE
General note Includes bibliographical references and index
650 ## - SUBJECT ADDED ENTRY--TOPICAL TERM
Topical term or geographic name as entry element Globalization
650 ## - SUBJECT ADDED ENTRY--TOPICAL TERM
Topical term or geographic name as entry element Globalization-social aspects
700 ## - ADDED ENTRY--PERSONAL NAME
Personal name Dasgupta, Samir
Titles and other words associated with a name ed
700 ## - ADDED ENTRY--PERSONAL NAME
Personal name Kiely, Ray
Titles and other words associated with a name ed
942 ## - ADDED ENTRY ELEMENTS (KOHA)
Source of classification or shelving scheme Dewey Decimal Classification
Koha item type English Books
Classification part 303.482
Call number suffix GLO
Holdings
Withdrawn status Lost status Source of classification or shelving scheme Damaged status Not for loan Home library Current library Date acquired Cost, normal purchase price Total Checkouts Full call number Barcode Date last seen Copy number Cost, replacement price Price effective from Koha item type
    Dewey Decimal Classification   Not For Loan D.B.Act.Division D.B.Act.Division 22/02/2007 550.00   303.482 GLO EN-67587 21/10/2008 1 550.00 21/10/2008 English Books

© Delhi Public Library
Hit Counter
free hit counter